000 00292 a2200157 4500
001 161327
020 _a
040 _cMagnum
100 _aAmos, Janine
240 1 0 _aMedo
_lpor
245 1 0 _aMedo
362 0 _a1899
440 1 _aEko
697 _aIJ/SOCIEDADE COTIDIANO
942 _cBK
999 _c161327
_d161327